Internet vecí v každodennom živote

Saved in:
Bibliographic Details
Main Author: Blažej, Jakub (Author)
Other Authors: Kováčik, Tomáš (Thesis advisor)
Format: Manuscript Book
Language:Slovak
Published: 2019
Subjects:
Online Access:http://is.stuba.sk/zp/portal_zp.pl?podrobnosti=134720
Tags: Add Tag
No Tags, Be the first to tag this record!

MARC

LEADER 00000ntm a22000003a 4500
001 stuzp75094
003 SK-STU
005 20190715164452.0
007 ta
008 150427s2015----xo-----f-mn---000-0-slo-d
040 |a STU  |b slo 
041 0 |a slo 
044 |a xo 
100 1 |a Blažej, Jakub  |u 070400  |4 aut  |U FIIT Fakulta informatiky a informačných technológií  |T FIIT Ústav počítačového inžinierstva a aplikovanej informatiky  |X 85778  |U I400  |Y 672  |7 85778 
242 0 1 |a Internet of things in everyday life  |y eng 
245 1 0 |a Internet vecí v každodennom živote 
260 |c 2019 
500 |a Neobsahuje CD-rom 
650 4 |a internet vecí  |2 slo 
650 4 |a sigfox  |2 slo 
650 4 |a gps  |2 slo 
650 4 |a alarm  |2 slo 
650 4 |a sledovanie polohy  |2 slo 
650 4 |a sigfox  |2 eng 
650 4 |a gps  |2 eng 
650 4 |a alarm  |2 eng 
650 4 |a gps tracking  |2 eng 
650 4 |a internet of things  |2 eng 
700 1 |a Kováčik, Tomáš  |u 070400  |k Z8  |4 ths  |U FIIT Fakulta informatiky a informačných technológií  |T FIIT Ústav počítačového inžinierstva a aplikovanej informatiky  |X 11781  |U I400  |Y 672  |7 11781 
856 4 |u http://is.stuba.sk/zp/portal_zp.pl?podrobnosti=134720 
996 |b IZP20180294  |c I*BAP14/19  |l II680  |s P  |a 0  |w stuzp75094_0001